[Event "CAN-ch U20 U1800"]
[Site "Toronto"]
[Date "2018.08.09"]
[Round "2.30"]
[White "Balachandran, Kousihan"]
[Black "Han, Johnathan"]
[Result "1/2-1/2"]
[WhiteElo "1479"]
[BlackElo "1629"]
[PlyCount "61"]
[EventDate "2018.08.08"]
[EventType "swiss"]
[EventRounds "9"]
[EventCountry "CAN"]
[SourceTitle "EXT 2022"]
[Source "ChessBase"]
[SourceDate "2021.10.06"]
[SourceVersion "1"]
[SourceVersionDate "2021.10.06"]
[SourceQuality "1"]

1. e4 c5 2. Nf3 d6 3. d4 cxd4 4. Nxd4 Nf6 5. Nc3 a6 6. Be3 e6 7. Be2 Be7 8. a3 b5 9. Bf3 Bb7 10. e5 Nd5 11. Nxd5 exd5 12. Nf5 0-0 13. b4 Re8 14. Nxe7+ Qxe7 15. exd6 Qxd6 16. 0-0 Nd7 17. Qd2 Nb6 18. Bxb6 Qxb6 19. Rfe1 Qd6 20. h3 h6 21. Rad1 Rxe1+ 22. Qxe1 Rc8 23. Rd2 Qg6 24. Qe7 Rxc2 25. Rxc2 Qxc2 26. Qxb7 Qc1+ 27. Kh2 Qf4+ 28. Kg1 Qc1+ 29. Kh2 Qf4+ 30. Kh1 Qc1+ 31. Kh2 1/2-1/2

[Event "CAN-ch U20 U1800"]
[Site "Toronto"]
[Date "2018.08.09"]
[Round "3.39"]
[White "Lee, Ethan2222"]
[Black "Balachandran, Kousihan"]
[Result "0-1"]
[WhiteElo "1121"]
[BlackElo "1479"]
[PlyCount "84"]
[EventDate "2018.08.08"]
[EventType "swiss"]
[EventRounds "9"]
[EventCountry "CAN"]
[SourceTitle "EXT 2022"]
[Source "ChessBase"]
[SourceDate "2021.10.06"]
[SourceVersion "1"]
[SourceVersionDate "2021.10.06"]
[SourceQuality "1"]

1. e4 c5 2. Nf3 Nc6 3. d4 cxd4 4. Nxd4 g6 5. Nc3 Bg7 6. Be3 Nf6 7. Bb5 0-0 8. 0-0 a6 9. Ba4 b5 10. Bb3 b4 11. Nd5 Nxe4 12. Qf3 Nxd4 13. Bxd4 Nd2 14. Qd3 Nxf1 15. Nf4 Nxh2 16. Nxg6 Nf3+ 17. gxf3 Bxd4 18. Nxf8 Bxf2+ 19. Kxf2 Qb6+ 20. Kg2 Kxf8 21. Qxh7 Qg6+ 22. Qxg6 fxg6 23. Rh1 Kg7 24. Rh4 Bb7 25. Rxb4 Bc6 26. Ba4 Rc8 27. c3 a5 28. Rd4 Rb8 29. Bxc6 Rxb2+ 30. Kg3 dxc6 31. Ra4 Rb5 32. Re4 Rg5+ 33. Kf2 Kf7 34. Rd4 Rc5 35. c4 Ke6 36. f4 Rf5 37. Kf3 g5 38. Re4+ Kd6 39. Kg4 Rxf4+ 40. Rxf4 gxf4 41. Kxf4 Kc5 42. Ke4 Kxc4 0-1

[Event "Windsor NAYCC U10"]
[Site "Windsor"]
[Date "2016.08.09"]
[Round "4.126"]
[White "Kondakov, Adrian"]
[Black "Balachandran, Kousihan"]
[Result "0-1"]
[WhiteElo "1675"]
[BlackElo "1400"]
[PlyCount "90"]
[EventDate "2016.08.07"]
[EventType "swiss"]
[EventRounds "9"]
[EventCountry "CAN"]
[SourceTitle "EXT 2022"]
[Source "ChessBase"]
[SourceDate "2021.10.06"]
[SourceVersion "1"]
[SourceVersionDate "2021.10.06"]
[SourceQuality "1"]

1. e4 c5 2. b3 Nc6 3. Bb2 d6 4. Bb5 Bd7 5. Bxc6 Bxc6 6. d3 e6 7. f4 d5 8. e5 d4 9. Nf3 Ne7 10. 0-0 Nf5 11. Bc1 Be7 12. g4 Nh6 13. h3 Ng8 14. f5 exf5 15. gxf5 Qd7 16. e6 fxe6 17. Ne5 Qd5 18. Nxc6 Qxc6 19. Qh5+ Kd8 20. Qf7 exf5 21. Qxg7 Qg6+ 22. Qxg6 hxg6 23. Kg2 Nf6 24. Nd2 Nd5 25. Nc4 Ke8 26. a4 Nb4 27. Rf2 Kf7 28. Bf4 Nd5 29. Be5 Rhg8 30. Kh2 b6 31. Re2 g5 32. Rf1 f4 33. Bd6 Bxd6 34. Nxd6+ Kg7 35. Re5 Ne3 36. Rf2 Kf6 37. Re4 Rh8 38. Re2 Rad8 39. Nc4 Rxh3+ 40. Kg1 Rdh8 41. Nxe3 dxe3 42. d4 Rh1+ 43. Kg2 R8h2+ 44. Kf3 Rf1+ 45. Kg4 Rh4# 0-1

[Event "Windsor NAYCC U10"]
[Site "Windsor"]
[Date "2016.08.07"]
[Round "1.128"]
[White "Shlionsky, Ariah Leib"]
[Black "Balachandran, Kousihan"]
[Result "0-1"]
[WhiteElo "1893"]
[BlackElo "1400"]
[PlyCount "96"]
[EventDate "2016.08.07"]
[EventType "swiss"]
[EventRounds "9"]
[EventCountry "CAN"]
[SourceTitle "EXT 2022"]
[Source "ChessBase"]
[SourceDate "2021.10.06"]
[SourceVersion "1"]
[SourceVersionDate "2021.10.06"]
[SourceQuality "1"]

1. e4 c5 2. Nf3 Nc6 3. d4 cxd4 4. Nxd4 g6 5. Nxc6 bxc6 6. Bc4 Bg7 7. 0-0 Nf6 8. Qf3 d5 9. exd5 cxd5 10. Rd1 Bg4 11. Bxd5 Bxf3 12. Bxf3 Qc8 13. Bxa8 Qxa8 14. Nc3 0-0 15. h3 Ne4 16. Nd5 e6 17. Ne3 Qb7 18. c3 Qa6 19. f3 Ng3 20. Nc2 Qe2 21. Bf4 Qxc2 22. Bxg3 Qxb2 23. Be1 Qb6+ 24. Bf2 Qa5 25. Rac1 Bh6 26. Rb1 Qxc3 27. Bxa7 Be3+ 28. Bxe3 Qxe3+ 29. Kh1 Ra8 30. Ra1 Qe2 31. a4 Kg7 32. Rdb1 Qc2 33. Rc1 Qf5 34. Kg1 Qa5 35. Rcb1 Qc5+ 36. Kh1 Qa5 37. Kg1 Qa7+ 38. Kh1 Rb8 39. Rc1 Qa5 40. Rc4 e5 41. Kh2 f5 42. Kh1 g5 43. Kh2 e4 44. fxe4 Qe5+ 45. Kh1 Qxa1+ 46. Kh2 Qe5+ 47. Kg1 Qf4 48. Rc7+ Qxc7 0-1